| 000 | 01347cam a2200349 i 4500 | ||
|---|---|---|---|
| 001 | 4239 | ||
| 003 | FISKH | ||
| 005 | 20240708084647.0 | ||
| 008 | 140630s2014 nyu j 000 0beng | ||
| 010 | _a 2014944568 | ||
| 020 | _a9780448479552 (pbk) | ||
| 040 |
_aDLC _beng _erda _cDLC _dDLC |
||
| 050 | _aGV1132.A4 | ||
| 082 | _a796.83092 | ||
| 100 | 1 |
_aBuckley, James, _cJr., _d1963- |
|
| 245 | 1 | 0 |
_aWho is Muhammad Ali? / _cbyJames Buckley Jr. ; illustrated by Stephen Marchesi. |
| 260 |
_aNew York : _bGrosset & Dunlap, _c2014. |
||
| 300 |
_a105 pages : _billustrations ; _c21 cm. |
||
| 336 |
_atext _2rdacontent |
||
| 337 |
_aunmediated _2rdamedia |
||
| 338 |
_avolume _2rdacarrier |
||
| 490 | 0 | _aWho was...? | |
| 504 | _aIncludes bibliographical references (page 104) | ||
| 520 | _aPresents the life of the legendary boxer who began his career as Cassius Clay, discussing his prowess in the ring, his refusal to fight in the Vietnam War, and his life after boxing. | ||
| 600 | 1 | 0 |
_aAli, Muhammad, _d1942-2016 _vJuvenile literature. |
| 650 | 0 |
_aBoxers (Sports) _zUnited States _vBiography _vJuvenile literature. |
|
| 650 | 0 |
_aAfrican American athletes _vBiography _vJuvenile literature. |
|
| 700 | 1 |
_aMarchesi, Stephen, _eillustrator |
|
| 906 |
_a7 _bcbc _corignew _d2 _eepcn _f20 _gy-gencatlg |
||
| 942 |
_2ddc _cBK _n0 |
||
| 999 |
_c4239 _d4239 |
||